00629nam a2200169Ia 4500008004100000020001800041050001300059100002700072245008600099250000700185260002300192440001500215650003200230952009000262952009000352999001700442120626s9999 xx 000 0 und d a970-07-4548-1 aHJ803 F5 aFLORES ZAVALA, Ernesto aElementos de finanzas públicas mexicanas: Los impuestos / Ernesto Flores Zavala a34 aMéxico: Porrúa aXX, 610 p. a1. FINANZAS--METODOLOGIAÌ 00104070a09b09d2008-07-25l0oHJ803 F5p09 002343r2014-07-29t1w2012-06-26yLB 00104070a09b09d2009-03-09l0oHJ803 F5p09 002770r2012-06-26t2w2012-06-26yLB c64090d64090